Statistics for Voyager - boygenius (Lyrics)

Click here to take the quiz!

General Stats

  • This quiz has been taken 17 times
  • The average score is 131 of 146

Answer Stats

Answer% Correct
a
100%
But
100%
but
100%
from
100%
I
100%
it
100%
like
100%
me
100%
on
100%
the
100%
to
100%
took
100%
would've
100%
you
100%
You
100%
about
90%
all
90%
And
90%
and
90%
are
90%
as
90%
be
90%
believe
90%
could
90%
die
90%
do
90%
don't
90%
given
90%
I'm
90%
impossible
90%
in
90%
love
90%
make
90%
might
90%
never
90%
nights
90%
no
90%
not
90%
one
90%
read
90%
remember
90%
say
90%
so
90%
startin'
90%
that
90%
There
90%
there
90%
think
90%
up
90%
used
90%
Walkin'
90%
were
90%
When
90%
your
90%
alone
80%
asked
80%
blue
80%
city
80%
days
80%
Every
80%
feel
80%
gas
80%
hundred
80%
I'd
80%
if
80%
imagined
80%
It's
80%
leave
80%
let
80%
man
80%
mean
80%
meltin'
80%
mind
80%
moon
80%
or
80%
our
80%
pale
80%
quite
80%
ready
80%
right
80%
shoes
80%
sometimes
80%
spent
80%
step
80%
stepped
80%
tangled
80%
thought
80%
three
80%
together
80%
Valley
80%
was
80%
Blacktop
70%
dot
70%
easy
70%
is
70%
Makes
70%
small
70%
Then
60%

Score Distribution

Percentile by Number Answered

Percent of People with Each Score

Your Score History

You have not taken this quiz